| 000 | 00562nam a22001817a 4500 | ||
|---|---|---|---|
| 003 | OSt | ||
| 005 | 20191121095806.0 | ||
| 008 | 130128t xxu||||| |||| 00| 0 eng d | ||
| 050 |
_aDS 689 _b.L711 2000 |
||
| 082 |
_aFIL 362.95997 _bL698 2000 |
||
| 245 |
_aFilipinos and Americans : _cLicuanan,Virginia B. _ba love-hate relationship: as based on the story of Baguio and the Baguio Country Club / |
||
| 260 |
_aManila _bBaguio Country Club _c2000 |
||
| 300 |
_a176 p. _c28 cm. |
||
| 526 | _c1210L-1700L | ||
| 562 | _e1 | ||
| 942 |
_2lcc _cBK _kFIL |
||
| 999 |
_c17210 _d17210 |
||